000 00371nam a2200157Ia 4500
008 210210b1958 xxu||||| |||| 00| 0 eng d
041 _aeng
082 _a825/326
100 _aFIELDING (K J)
245 _aCharles Dickens
260 _aLondon
_bLongmans Green & Co
_c1958
650 _aDickens
650 _aCharles
690 _aEnglish Criticism
906 _a014643
999 _c133858
_d133858